| 000 | 01094nam a2200253 i 4500 | ||
|---|---|---|---|
| 001 | 17162 | ||
| 003 | ES-MaACL | ||
| 005 | 20251109144932.0 | ||
| 007 | t| | ||
| 008 | 010108s2000 sp ||||1| spa d | ||
| 020 | _a84-95516-17-9 | ||
| 080 | _a75 Campuzano, Tomás (064.3) | ||
| 080 | _a76 Campuzano, Tomás (064.3) | ||
| 245 | 0 | 0 |
_aTomás Campuzano y Aguirre _b (1857-1934) : _c[Fundación Marcelino Botín] |
| 260 |
_aSantander : _bFundación Marcelino Botín, _c[2000] |
||
| 300 |
_a229 páginas : _bilustraciones en color y blanco y negro ; _c30 cm |
||
| 500 | _aExposición: Fundación Marcelino Botín, Santander, del 4 de agosto al 10 de septiembre de 2000 ; Museo de la Real Academia de Bellas Artes de San Fernando y Calcografía Nacional, Madrid, del 17 de noviembre al 17 de diciembre de 2000 | ||
| 600 | 0 | 4 |
_aCampuzano y Aguirre, Tomás, _d1857-1934- _vExposiciones _934351 |
| 655 | 7 |
_2tgfbne _9193628 _aCatálogos de exposiciones |
|
| 710 | 2 |
_aFundación Marcelino Botín. _94365 |
|
| 852 |
_aES-MaACL _jL-23910 _bR.129146 |
||
| 942 | _2udc | ||
| 999 |
_c17162 _d17162 |
||